Central Library OPAC University of Rajshahi

Research Methodology and Biostatistics : (Record no. 80118)

MARC details
000 -LEADER
fixed length control field 00706nam a2200229 a 4500
001 - CONTROL NUMBER
control field 80118
003 - CONTROL NUMBER IDENTIFIER
rucl marc code BD-RjUL
005 - DATE AND TIME OF LATEST TRANSACTION
control field 20220725154526.0
008 - FIXED-LENGTH DATA ELEMENTS--GENERAL INFORMATION
fixed length control field 220725s2017 ii ||||| |||| 00| 0 eng d
020 ## - INTERNATIONAL STANDARD BOOK NUMBER
International Standard Book Number 9788131244425,
035 ## - SYSTEM CONTROL NUMBER
System control number (BD-RjUL)80118
040 ## - CATALOGING SOURCE
Original cataloging agency BD-RjUL
Language of cataloging eng
Transcribing agency BD-RjUL
041 ## - LANGUAGE CODE
Language code of text/sound track or separate title eng
082 ## - DEWEY DECIMAL CLASSIFICATION NUMBER
Edition number 23
Classification number 610.72
Author mark and year SHR 2017
100 ## - MAIN ENTRY--PERSONAL NAME
Personal name Sharma, Suresh K.
9 (RLIN) 4126
245 ## - TITLE STATEMENT
Title Research Methodology and Biostatistics :
Remainder of title A Comprehensive Guide for Health Care Professionals /
Statement of responsibility, etc. Suresh K. Sharma
260 ## - PUBLICATION, DISTRIBUTION, ETC. (IMPRINT)
Place of publication, distribution, etc. New Delhi :
Name of publisher, distributor, etc. Elsevier India,
Date of publication, distribution, etc. c2017
300 ## - PHYSICAL DESCRIPTION
Pagination 337 p.:
Illustrations ill.;
Size 25 cm.
650 ## - SUBJECT ADDED ENTRY--TOPICAL TERM
Topical term or geographic name as entry element Medicine
General subdivision Research
-- Methodology
9 (RLIN) 4127
Topical term or geographic name as entry element Biometry
9 (RLIN) 3261
942 ## - ADDED ENTRY ELEMENTS (KOHA)
Source of classification or shelving scheme Dewey Decimal Classification
Koha item type Books
Holdings
Lost status Source of classification or shelving scheme Damaged status Not for loan Collection code Permanent Location Current Location Shelving location Date acquired Source of acquisition Cost, normal purchase price Full call number Date last seen Copy number Koha item type
  Dewey Decimal Classification   Not For Loan Non-fiction Central Library, University of Rajshahi Central Library, University of Rajshahi Reading Room 10/05/2022 Dhaka: Book Finder 1047.00 610.72 SHR 2017 25/07/2022 C-1 Books
  Dewey Decimal Classification     Non-fiction Central Library, University of Rajshahi Central Library, University of Rajshahi General Stacks 10/05/2022 Dhaka: Book Finder 1047.00 610.72 SHR 2017 25/07/2022 C-2 Books
  Dewey Decimal Classification     Non-fiction Central Library, University of Rajshahi Central Library, University of Rajshahi General Stacks 10/05/2022 Dhaka: Book Finder 1047.00 610.72 SHR 2017 25/07/2022 C-3 Books
  Dewey Decimal Classification     Non-fiction Central Library, University of Rajshahi Central Library, University of Rajshahi General Stacks 10/05/2022 Dhaka: Book Finder 1047.00 610.72 SHR 2017 25/07/2022 C-4 Books
  Dewey Decimal Classification     Non-fiction Central Library, University of Rajshahi Central Library, University of Rajshahi General Stacks 10/05/2022 Dhaka: Book Finder 1047.00 610.72 SHR 2017 25/07/2022 C-5 Books